| 000 | 01148nam a2200217 a 4500 | ||
|---|---|---|---|
| 001 | 45190 | ||
| 005 | 20180714024309.0 | ||
| 008 | 140415s2003 000 0 eng d | ||
| 020 | _a0787964646 | ||
| 041 | _aeng | ||
| 082 |
_a658.4092 _bKOU |
||
| 100 | 1 | _aKOUZES, JAMES M. | |
| 245 | 1 | 0 |
_aCREDIBILITY : _bHOW LEASERS GAIN AND LOSE IT, WHY PEOPLE DEMAND IT |
| 250 | _a1a ed. | ||
| 260 |
_a[s.l.] : _bJOHN WILEY AND SONS, INC., _c2003 |
||
| 300 |
_a342 _cx 15 x 23 |
||
| 490 | _aTHE JOSSEY - BASS BUSINESS AND MANAGEMENT SERIES | ||
| 520 | _aCREDIBILIDAD: TRATA ACERCA DE LIDERES QUE HAN PODIDO GANARSE LA CONFIANZA Y CONFIDENCIAS DE SUS COSTITUYENTES O SEGUIDORES ACERCA DE GENTE QUE DEMANDA DE SUS LIDERES COSAS QUE CONTRBUYAN DE BUENA VOLUNTAD EN SUS CORAZONES, MENTE , CUERPOS Y ALMAS SOBRE LAS ACCIONES QUE LOS LIDERES DEBERÍAN DE TOMAR PARA ORDENAR A SUS SEGUIDORES. LA MISION DE ESTE LIBRO ES QUE LA GENTE DE TODOS LOS NIVELES SUS HABILIDADES PARA DIRIGIR A OTROS Y CONSEGUIR COSAS EXTRAORDINARIAS Y BIEN HECHAS.. | ||
| 650 | 1 | 4 |
_aAPTITUD DE MANDO _xLIDERAZGO _xRELACIONES HUMANAS |
| 700 | 1 |
_aPosner, Barry Z., _ecoaut. |
|
| 999 |
_c45190 _d45190 |
||